|
|
|
|
| LEADER |
01371nam a2200337 a 4500 |
| 001 |
35706 |
| 003 |
BD-DhAAL |
| 005 |
20211129154618.0 |
| 008 |
190922t2006 enka bf 001 0 eng |
| 999 |
|
|
|c 41348
|d 41348
|
| 010 |
|
|
|a 2005929748
|
| 020 |
|
|
|a 1412920272
|
| 020 |
|
|
|a 9781412920285
|
| 040 |
|
|
|a DLC
|c DLC
|d DLC
|d BD-DhAAL
|
| 043 |
|
|
|a e-uk---
|
| 050 |
0 |
0 |
|a LB1555
|b .T382 2006
|
| 082 |
|
|
|2 22
|a 372.1102
|
| 245 |
0 |
0 |
|a Teaching children 3 to 11 :
|b a student's guide /
|c edited by Anne D. Cockburn & Graham Handscomb.
|
| 250 |
|
|
|a Second edition
|
| 260 |
|
|
|a London ;
|a Thousand Oaks, CA :
|b Paul Chapman Pub.,
|c 2006.
|
| 300 |
|
|
|a x, 342 pages :
|b illustrations ;
|c 24 cm.
|
| 504 |
|
|
|a Includes bibliographical references (p. 322-330) and index.
|
| 526 |
|
|
|a BIED
|
| 541 |
|
|
|a Complimentary copy from BIED
|e 35706
|
| 650 |
|
0 |
|a Elementary school teaching
|z Great Britain
|v Handbooks, manuals, etc.
|9 35046
|
| 650 |
|
0 |
|a Preschool teaching
|z Great Britain
|v Handbooks, manuals, etc.
|9 35047
|
| 700 |
1 |
|
|a Cockburn, Anne.
|9 35048
|
| 700 |
1 |
|
|a Handscomb, Graham
|9 35049
|
| 852 |
|
|
|a Ayesha Abed Library
|c BIED Collection
|
| 942 |
|
|
|2 ddc
|c BK
|
| 952 |
|
|
|0 0
|1 0
|2 ddc
|4 0
|6 372_110200000000000_TEA
|7 0
|9 66451
|a BRACUL
|b BRACUL
|c GEN
|d 2019-09-22
|e Complimentary copy from BIED
|l 0
|o 372.1102 TEA
|p 3010035706
|r 2019-09-22
|t 1
|w 2019-09-22
|y BK
|x Transferred from BIED to General Stacks
|